Ústavný súd Slovenskej republiky. 2

Vysvetlenie, kto môže iniciovať konanie pred Ústavným súdom a čo všetko musí návrh obsahovať. Iniciovanie konania pred Ústavným súdom. Rozhodnutia Ústavného súdu SR.

Gespeichert in:
Bibliographische Detailangaben
1. Verfasser: Drgonec, Ján
Format: Buchkapitel
Sprache:Slowakisch
Schlagworte:
Tags: Tag hinzufügen
Keine Tags, Fügen Sie das erste Tag hinzu!

MARC

LEADER 00000naa a2200000 4500
001 r026490
005 20230825080135.5
041 0 |a slo 
044 |a SK 
245 1 0 |a Ústavný súd Slovenskej republiky. 2  |c Ján Drgonec 
520 |a Vysvetlenie, kto môže iniciovať konanie pred Ústavným súdom a čo všetko musí návrh obsahovať. Iniciovanie konania pred Ústavným súdom. Rozhodnutia Ústavného súdu SR. 
610 2 0 |a Ústavný súd SR Košice 
610 2 0 |a inštitúcia 
610 2 0 |a súdnictvo 
610 2 0 |a sťažnosti 
610 2 0 |a ochrana právna 
100 1 |a Drgonec, Ján